Statistics for Minnesota Counties Quiz

Click here to take the quiz!

General Stats

  • This quiz has been taken 4,391 times
  • The average score is 38 of 87

Answers on the Map

Answers color-coded by a green-red scale on the quiz's map according to % correct below.
Loading ...
 

Answer Stats

SeatCounty% Correct
MinneapolisHennepin
86%
St. PaulRamsey
76%
StillwaterWashington
76%
Two HarborsLake
75%
-----Anoka
72%
HastingsDakota
71%
DuluthSt. Louis
69%
MankatoBlue Earth
65%
Grand MaraisCook
63%
BaudetteLake of the Woods
60%
St. CloudStearns
57%
------Winona
54%
WalkerCass
53%
ShakopeeScott
53%
Red Lake FallsRed Lake
53%
Pine CityPine
53%
ChaskaCarver
52%
CrookstonPolk
52%
-------Jackson
51%
BemidjiBeltrami
51%
Grand RapidsItasca
51%
MilacaMille Lacs
49%
-------Carlton
49%
Fergus FallsOtter Tail
48%
RochesterOlmsted
48%
IvanhoeLincoln
48%
Center CityChisago
48%
Granite FallsYellow Medicine
48%
------Roseau
47%
International FallsKoochiching
47%
------Aitkin
47%
CambridgeIsanti
46%
MoorheadClay
46%
BuffaloWright
46%
BrainerdCrow Wing
46%
WarrenMarshall
45%
---------Pipestone
45%
Blue EarthFaribault
45%
Elk RiverSherburne
44%
FaribaultRice
44%
Redwood FallsRedwood
44%
WasecaWaseca
43%
Red WingGoodhue
42%
HallockKittson
42%
Le CenterLe Sueur
42%
-------Wabasha
42%
Elbow LakeGrant
41%
New UlmBrown
41%
LuvurneRock
41%
St. PeterNicollet
40%
AlexandriaDouglas
40%
Thief River FallsPennington
39%
------Wadena
39%
MadisonLac Qui Parle
38%
WillmarKandiyohi
38%
Little FallsMorrison
38%
PrestonFillmore
38%
FoleyBenton
38%
FairmontMartin
38%
Detroit LakesBecker
37%
OwatonnaSteele
37%
CaledoniaHouston
36%
GaylordSibley
36%
Long PrairieTodd
35%
OrtonvilleBig Stone
35%
MoraKanabec
34%
MontevideoChippewa
34%
MantorvilleDodge
34%
GlenwoodPope
33%
BagleyClearwater
33%
WheatonTraverse
33%
OliviaRenville
33%
GlencoeMcLeod
33%
LitchfieldMeeker
33%
Park RapidsHubbard
32%
Albert LeaFreeborn
32%
AustinMower
32%
AdaNorman
29%
WorthingtonNobles
29%
--------Mahnomen
29%
MarshallLyon
29%
WindomCottonwood
28%
BensonSwift
26%
MorrisStevens
26%
BreckenridgeWilkin
26%
SlaytonMurray
25%
St. JamesWatonwan
25%

Score Distribution

Percentile by Number Answered

Percent of People with Each Score

Your Score History

You have not taken this quiz